=LDR 00000nam 2200000 4500 =001 INLIS000000000810553 =005 20260506012734 =035 ##$$a 0010-0526000007 =007 ta =008 260506###########################0#ind## =082 ##$$a 297.5 =084 ##$$a 297.5 SYA h =100 #$$a Syaikh Ahmad Az Zuman =245 1#$$a Hiburan Bagi Orang Sakit =250 ##$$a Cet. 1 =260 ##$$a Batu,$c 2024 =300 ##$$a 29 hlm ; $c 14,5 X 21 cm =700 #$$a Dedy Irawan,Lc. =990 ##$$a 00000005455 =990 ##$$a 00000005456